Poema del Cid

Bewaard in:
Bibliografische gegevens
Hoofdauteur: Anónimo
Formaat: Boek
Taal:Undetermined
Gepubliceerd in: Buenos Aires, Argentina Editorial Losada 1971
Editie:6
Onderwerpen:
Tags: Voeg label toe
Geen labels, Wees de eerste die dit record labelt!

MARC

LEADER 00000nam a2200000Ia 4500
008 170316s9999 xx 000 0 und d
040 |a cru BVZT 
090 |a 862 A-28po 
100 |a Anónimo 
245 |a Poema del Cid 
250 |a 6 
260 |a Buenos Aires, Argentina 
260 |b Editorial Losada 
260 |c 1971 
300 |a 255 páginas 
650 |a LITERATURA ESPAÑOLA 
650 |a POEMA DEL MIO CID 
999 |c 9428  |d 9428 
942 |c 15 D  |h 862 A-28po  |2 z